[Event "IECC CL8-2007.06 email"]
[Site "IECC email"]
[Date "2007.10.29"]
[Round "?"]
[White "Ladkin, Peter"]
[Black "Horton, Stephen"]
[Result "0-1"]
[WhiteElo "921"]
[BlackElo "950"]
[PlyCount "38"]
[EventDate "2007.??.??"]
[EventType "tourn (corr)"]
[EventRounds "4"]
[SourceTitle "Corr 2011"]
[Source "ChessBase"]
[SourceDate "2010.08.31"]
[SourceVersion "1"]
[SourceVersionDate "2010.08.31"]
[SourceQuality "1"]
[WhiteTeam "Italy"]
[BlackTeam "Chile"]
[WhiteTeamCountry "ITA"]
[BlackTeamCountry "CHI"]

1. e4 e5 2. Nf3 Nc6 3. Nc3 Nf6 4. Bc4 Bc5 5. Ng5 0-0 6. Qf3 d6 7. 0-0 Nd4 8. Qh3 Bxh3 9. gxh3 Nxc2 10. Rb1 Nh5 11. d3 Nf4 12. Nxf7 Qh4 13. Nxd6+ Kh8 14. Be3 Nxh3+ 15. Kh1 Bxe3 16. fxe3 cxd6 17. Bf7 Nxe3 18. Rf3 Ng4 19. Nd1 Qe1+ 0-1

[Event "IECC CL8-2005.07 email"]
[Site "IECC email"]
[Date "2005.11.09"]
[Round "?"]
[White "Kopsa, Kadir Can"]
[Black "Ladkin, Peter"]
[Result "0-1"]
[WhiteElo "1011"]
[BlackElo "911"]
[PlyCount "42"]
[EventDate "2005.??.??"]
[EventType "tourn (corr)"]
[EventRounds "4"]
[SourceTitle "Corr 2008"]
[Source "ChessBase"]
[SourceDate "2008.06.24"]
[SourceVersion "1"]
[SourceVersionDate "2008.06.24"]
[SourceQuality "1"]

1. Nc3 e5 2. e4 Nf6 3. Nf3 c6 4. b3 Bc5 5. Bb2 Ng4 6. d4 exd4 7. Nxd4 Qh4 8. g3 Qf6 9. Qxg4 Bxd4 10. 0-0-0 Na6 11. Na4 Bxb2+ 12. Nxb2 Nb4 13. Kb1 d5 14. Qe2 0-0 15. Rg1 dxe4 16. Qxe4 Nd5 17. Na4 b5 18. Bxb5 Bf5 19. Qc4 cxb5 20. Qxb5 Rac8 21. Qxd5 Bxc2+ 0-1

[Event "IECC O-2067"]
[Site "IECC email"]
[Date "2004.09.18"]
[Round "?"]
[White "Lapham, Frank"]
[Black "Ladkin, Peter"]
[Result "1-0"]
[WhiteElo "847"]
[BlackElo "864"]
[PlyCount "61"]
[EventDate "2004.??.??"]
[EventType "swiss (corr)"]
[EventRounds "2"]
[SourceTitle "Corr 2020"]
[Source "ChessBase"]
[SourceDate "2019.09.30"]
[SourceVersion "1"]
[SourceVersionDate "2019.09.30"]
[SourceQuality "1"]
[WhiteTeam "United States"]
[BlackTeam "England"]
[WhiteTeamCountry "USA"]
[BlackTeamCountry "ENG"]

1. d4 e6 2. e3 Nf6 3. a3 Ne4 4. Bd3 Ng5 5. e4 Nc6 6. c3 e5 7. d5 Na5 8. h4 Nxe4 9. Bxe4 Bc5 10. b4 Nb3 11. Qxb3 Bb6 12. Nf3 d6 13. 0-0 Bg4 14. Bg5 f6 15. Nh2 Be2 16. Re1 fxg5 17. Rxe2 gxh4 18. Qc2 c6 19. Bxh7 Qg5 20. Nf3 Qg4 21. Bg6+ Kd8 22. Nh2 Qg5 23. Nf3 Qf4 24. Re4 Qf6 25. Re2 Rh6 26. Bh7 h3 27. Bf5 cxd5 28. c4 Bd4 29. Bxh3 Bxa1 30. Qa4 e4 31. Qd7# 1-0

[Event "IECC O-2028"]
[Site "IECC email"]
[Date "2004.08.03"]
[Round "?"]
[White "Ladkin, Peter"]
[Black "Lapham, Frank"]
[Result "0-1"]
[WhiteElo "883"]
[BlackElo "828"]
[PlyCount "86"]
[EventDate "2004.??.??"]
[EventType "swiss (corr)"]
[EventRounds "2"]
[SourceTitle "Corr 2020"]
[Source "ChessBase"]
[SourceDate "2019.09.30"]
[SourceVersion "1"]
[SourceVersionDate "2019.09.30"]
[SourceQuality "1"]
[WhiteTeam "England"]
[BlackTeam "United States"]
[WhiteTeamCountry "ENG"]
[BlackTeamCountry "USA"]

1. e4 d6 2. d4 e6 3. Nh3 Nf6 4. Bc4 Nxe4 5. Qe2 d5 6. Bb5+ c6 7. Ba4 Qa5+ 8. Nc3 Nxc3 9. bxc3 Qxa4 10. 0-0 Qa5 11. Bd2 Qd8 12. Qf3 Bd6 13. Ng5 0-0 14. Qd3 g6 15. h4 Nd7 16. h5 Nf6 17. hxg6 fxg6 18. f3 Qc7 19. c4 Bh2+ 20. Kh1 Re8 21. f4 Qg7 22. Kxh2 Qh6+ 23. Kg1 Ng4 24. Nf3 b6 25. g3 Rf8 26. f5 Qh5 27. Nh4 g5 28. fxe6 Bxe6 29. cxd5 cxd5 30. Rf3 gxh4 31. Bb4 Rf7 32. Re1 hxg3 33. Qe2 Rxf3 34. Qxf3 Qh2+ 35. Kf1 Qh3+ 36. Ke2 Nh2 37. Qh1 Bg4+ 38. Kd3 g2+ 39. Re3 gxh1Q 40. Rxh3 Bxh3 41. Kc3 Nf3 42. a3 Rc8+ 43. Kb2 Nxd4 0-1

[Event "IECC O-1994"]
[Site "IECC email"]
[Date "2004.06.23"]
[Round "?"]
[White "Lapham, Frank"]
[Black "Ladkin, Peter"]
[Result "1-0"]
[WhiteElo "808"]
[BlackElo "903"]
[PlyCount "69"]
[EventDate "2004.??.??"]
[EventType "swiss (corr)"]
[EventRounds "2"]
[SourceTitle "Corr 2020"]
[Source "ChessBase"]
[SourceDate "2019.09.30"]
[SourceVersion "1"]
[SourceVersionDate "2019.09.30"]
[SourceQuality "1"]
[WhiteTeam "United States"]
[BlackTeam "England"]
[WhiteTeamCountry "USA"]
[BlackTeamCountry "ENG"]

1. d4 c6 2. Nf3 d5 3. Ne5 Nh6 4. Bxh6 gxh6 5. e3 Bf5 6. Be2 Bg7 7. 0-0 c5 8. Bh5 0-0 9. g4 f6 10. gxf5 fxe5 11. Bg4 Nc6 12. Nc3 e4 13. dxc5 Qa5 14. Qxd5+ Rf7 15. Bh5 Nd8 16. Bxf7+ Nxf7 17. Qxb7 Qd8 18. Rad1 Qe8 19. Rd7 Rb8 20. Nxe4 Rxb7 21. Rxb7 Ne5 22. Rxa7 Qg6+ 23. fxg6 hxg6 24. f3 Bf6 25. Rd1 Nc6 26. Rb7 e5 27. Nxf6+ Kf8 28. Nd7+ Ke8 29. Nf6+ Kf8 30. Rc7 Ne7 31. Nh7+ Kf7 32. Rd8 g5 33. Rdd7 Ke8 34. Rxe7+ Kd8 35. a4 1-0

[Event "IECC O-1950"]
[Site "IECC email"]
[Date "2004.04.29"]
[Round "?"]
[White "Ladkin, Peter"]
[Black "Lapham, Frank"]
[Result "1-0"]
[WhiteElo "898"]
[BlackElo "833"]
[PlyCount "31"]
[EventDate "2004.??.??"]
[EventType "swiss (corr)"]
[EventRounds "2"]
[SourceTitle "Corr 2020"]
[Source "ChessBase"]
[SourceDate "2019.09.30"]
[SourceVersion "1"]
[SourceVersionDate "2019.09.30"]
[SourceQuality "1"]
[WhiteTeam "England"]
[BlackTeam "United States"]
[WhiteTeamCountry "ENG"]
[BlackTeamCountry "USA"]

1. e4 e5 2. Bc4 Bc5 3. Qf3 Nf6 4. Qg3 0-0 5. d4 Nxe4 6. Qg4 d5 7. Qe2 Bxd4 8. Bd3 Nxf2 9. Qh5 g6 10. Qh6 Re8 11. Bg5 f6 12. Bh4 Nxh1 13. Nf3 Bxb2 14. Bxg6 Re7 15. Bxf6 Bxa1 16. Ng5 1-0

[Event "IECC O-1931"]
[Site "IECC email"]
[Date "2004.03.25"]
[Round "?"]
[White "Lapham, Frank"]
[Black "Ladkin, Peter"]
[Result "0-1"]
[WhiteElo "848"]
[BlackElo "880"]
[PlyCount "72"]
[EventDate "2004.??.??"]
[EventType "swiss (corr)"]
[EventRounds "2"]
[SourceTitle "Corr 2020"]
[Source "ChessBase"]
[SourceDate "2019.09.30"]
[SourceVersion "1"]
[SourceVersionDate "2019.09.30"]
[SourceQuality "1"]
[WhiteTeam "United States"]
[BlackTeam "England"]
[WhiteTeamCountry "USA"]
[BlackTeamCountry "ENG"]

1. d4 Nc6 2. c3 d5 3. e3 Bf5 4. Bb5 e6 5. Nd2 a6 6. Bxc6+ bxc6 7. g4 Be4 8. Ngf3 Bd3 9. Ne5 Be4 10. Nxe4 dxe4 11. Nxc6 Qd6 12. Ne5 Nh6 13. Nc4 Qc6 14. Na5 Qb5 15. b4 Bxb4 16. Nb3 Bxc3+ 17. Bd2 Bxa1 18. Nxa1 0-0 19. a4 Qc4 20. Qb3 Qd3 21. Qxd3 exd3 22. h3 Rab8 23. 0-0 Rb2 24. g5 Nf5 25. e4 Nxd4 26. Bc3 Ne2+ 27. Kg2 Nxc3 28. Rc1 d2 29. Rxc3 d1Q 30. Ra3 Qe2 31. Rf3 Rd8 32. Kg3 Rd1 33. Ra3 Qxf2+ 34. Kg4 g6 35. Rf3 Qg2+ 36. Rg3 Qxe4# 0-1

[Event "IECC Swiss-444.4"]
[Site "IECC email"]
[Date "2004.01.18"]
[Round "?"]
[White "Ladkin, Peter"]
[Black "Galos, Andras"]
[Result "0-1"]
[WhiteElo "895"]
[BlackElo "1030"]
[PlyCount "109"]
[EventDate "2004.??.??"]
[EventType "swiss (corr)"]
[EventRounds "1"]
[SourceTitle "Corr 2020"]
[Source "ChessBase"]
[SourceDate "2019.09.30"]
[SourceVersion "1"]
[SourceVersionDate "2019.09.30"]
[SourceQuality "1"]
[WhiteTeam "England"]
[BlackTeam "Hungary"]
[WhiteTeamCountry "ENG"]
[BlackTeamCountry "HUN"]

1. e4 e5 2. Nc3 Nf6 3. Bb5 c6 4. Bc4 b5 5. Bd3 Bc5 6. Nf3 Ng4 7. g3 Bxf2+ 8. Kf1 Qb6 9. h3 Bxg3 10. Qe2 Nf6 11. Qg2 Nh5 12. Ne2 Bf4 13. Nxf4 exf4 14. Rg1 Ng3+ 15. Ke1 0-0 16. b3 d6 17. Bb2 c5 18. Nh4 c4 19. bxc4 bxc4 20. Bxc4 Qxb2 21. Rd1 Qxc2 22. Bb3 Qd3 23. Bd5 Bxh3 24. Qf3 Qd4 25. Rxg3 fxg3 26. Qxg3 Nc6 27. Qxh3 Rac8 28. Nf5 Qg1+ 29. Ke2 Nd4+ 30. Kd3 Qxd1 31. Ne7+ Kh8 32. Nxc8 Qf3+ 33. Qxf3 Nxf3 34. Nxd6 Ng5 35. Ke3 g6 36. Kf4 h6 37. Kg4 Kg7 38. a4 f6 39. a5 h5+ 40. Kh4 Nf3+ 41. Kg3 Nxd2 42. a6 Rd8 43. Nb5 Rd7 44. Kf4 f5 45. Bc6 Re7 46. exf5 Rf7 47. Bd5 Rxf5+ 48. Ke3 Rxd5 49. Nxa7 Rd6 50. Nc6 Nc4+ 51. Ke4 Rxc6 52. a7 Rc8 53. Kd5 Ra8 54. Kxc4 Rxa7 55. Kd4 0-1

[Event "IECC CL8-2003.27 email"]
[Site "IECC email"]
[Date "2004.01.07"]
[Round "?"]
[White "Ladkin, Peter"]
[Black "Mitchell, TT."]
[Result "1-0"]
[WhiteElo "870"]
[BlackElo "890"]
[PlyCount "47"]
[EventDate "2004.??.??"]
[EventType "tourn (corr)"]
[EventRounds "4"]
[SourceTitle "Corr 2008"]
[Source "ChessBase"]
[SourceDate "2008.06.24"]
[SourceVersion "1"]
[SourceVersionDate "2008.06.24"]
[SourceQuality "1"]

1. c4 b6 2. e4 Bb7 3. Nc3 e5 4. Nf3 d6 5. d4 f6 6. d5 Ba6 7. Bd3 Nd7 8. Nh4 Nc5 9. Nf5 Nxd3+ 10. Qxd3 g6 11. Nh4 Qd7 12. 0-0 0-0-0 13. b4 Bg7 14. b5 Bb7 15. a4 Qe8 16. a5 Ne7 17. axb6 axb6 18. Be3 g5 19. Nf5 Nxf5 20. exf5 Kd7 21. Bxg5 fxg5 22. f6 Qg6 23. Qh3+ Ke8 24. Qe6+ 1-0

[Event "IECC CL7-2003.25 email"]
[Site "IECC email"]
[Date "2003.11.23"]
[Round "?"]
[White "DuNard, Philip"]
[Black "Ladkin, Peter"]
[Result "1-0"]
[WhiteElo "1129"]
[BlackElo "876"]
[PlyCount "75"]
[EventDate "2003.??.??"]
[EventType "tourn (corr)"]
[EventRounds "4"]
[SourceTitle "Corr 2008"]
[Source "ChessBase"]
[SourceDate "2008.06.24"]
[SourceVersion "1"]
[SourceVersionDate "2008.06.24"]
[SourceQuality "1"]

1. d4 Nf6 2. c4 Nc6 3. Nf3 d5 4. Nc3 dxc4 5. Bf4 e6 6. e3 Bb4 7. Bxc4 Ne4 8. Qc2 f5 9. 0-0 Na5 10. Qa4+ Nc6 11. Nxe4 fxe4 12. Ne5 0-0 13. Nxc6 Bd7 14. Bxe6+ Kh8 15. Bxd7 Qxd7 16. Qxb4 bxc6 17. b3 a5 18. Qd2 c5 19. Rfd1 Rad8 20. Qxa5 cxd4 21. Rxd4 Qc6 22. Rxd8 Rxd8 23. Qxc7 Qd5 24. Qc1 h6 25. h3 Qb7 26. Qb2 Kg8 27. a4 g5 28. Be5 h5 29. Bd4 h4 30. a5 g4 31. hxg4 Qd7 32. Qe2 Rf8 33. a6 h3 34. gxh3 Rf3 35. a7 Rf8 36. a8Q Rxa8 37. Rxa8+ Kf7 38. Ra7 1-0

[Event "IECC CL7-2003.25 email"]
[Site "IECC email"]
[Date "2003.11.23"]
[Round "?"]
[White "Ladkin, Peter"]
[Black "Baznik Wilson, Anthony J"]
[Result "1-0"]
[WhiteElo "869"]
[BlackElo "1137"]
[PlyCount "61"]
[EventDate "2003.??.??"]
[EventType "tourn (corr)"]
[EventRounds "4"]
[SourceTitle "Corr 2008"]
[Source "ChessBase"]
[SourceDate "2008.06.24"]
[SourceVersion "1"]
[SourceVersionDate "2008.06.24"]
[SourceQuality "1"]

1. Nf3 b5 2. g3 Bb7 3. Bg2 Nf6 4. 0-0 d6 5. d3 Nc6 6. Nbd2 g6 7. e4 Bh6 8. b3 Qd7 9. Bb2 0-0-0 10. a3 e5 11. c4 d5 12. cxb5 Nd4 13. Nxd4 exd4 14. Bxd4 Bg5 15. h4 Bh6 16. e5 Nh5 17. Bxa7 Rde8 18. d4 Qxb5 19. b4 Ba6 20. Nb3 Qd3 21. Qg4+ f5 22. Qd1 Re7 23. Nc5 Bb5 24. Nxd3 Bxd3 25. Qxd3 c6 26. Qa6+ Kd7 27. Qb7+ Ke6 28. Qxc6+ Kf7 29. Bxd5+ Re6 30. Qxe6+ Kg7 31. Qf7# 1-0

[Event "IECC CL8-2003.24 email"]
[Site "IECC email"]
[Date "2003.11.21"]
[Round "?"]
[White "Ladkin, Peter"]
[Black "Johnson, Aaron"]
[Result "1-0"]
[WhiteElo "873"]
[BlackElo "933"]
[PlyCount "107"]
[EventDate "2003.??.??"]
[EventType "tourn (corr)"]
[EventRounds "4"]
[SourceTitle "Corr 2008"]
[Source "ChessBase"]
[SourceDate "2008.06.24"]
[SourceVersion "1"]
[SourceVersionDate "2008.06.24"]
[SourceQuality "1"]

1. Nf3 Nc6 2. g3 e5 3. Bg2 d5 4. 0-0 Nf6 5. d3 d4 6. e3 Bg4 7. e4 Qd7 8. Nbd2 0-0-0 9. Nc4 Qe6 10. Qd2 Bb4 11. c3 Ba5 12. Ng5 Qe7 13. b4 Bb6 14. a4 a5 15. Re1 dxc3 16. Qxc3 axb4 17. Qd2 Bd4 18. Bb2 Bxb2 19. Qxb2 h6 20. Nh3 Rxd3 21. Bf1 Rd4 22. Qc2 Rhd8 23. Rad1 Bxd1 24. Rxd1 Rxd1 25. Ne3 Re1 26. Kg2 Nd4 27. Qd2 Nf3 28. Qc2 Nd4 29. Qc4 Nxe4 30. Nd5 Qd6 31. Nxb4 Nd2 32. Qxf7 Rxf1 33. Nd5 Rd7 34. Qg8+ Rd8 35. Qf7 Rf8 36. Ne7+ Kd7 37. Qxf8 Qa3 38. Ng1 Ne6 39. Qf7 Ng5 40. Qxg7 Ngf3 41. Nf5+ Kc6 42. Qxh6+ Kd5 43. Ne3+ Qxe3 44. Qxe3 Rxg1+ 45. Kh3 b6 46. Qd3+ Ke6 47. g4 Ng5+ 48. Kh4 Ndf3+ 49. Kh5 Rh1 50. Qc4+ Kf6 51. Qc6+ Kg7 52. Qxc7+ Kg8 53. Kg6 Kf8 54. Qd8# 1-0

[Event "IECC CL8-2003.15 email"]
[Site "IECC email"]
[Date "2003.07.04"]
[Round "?"]
[White "Depasse, Jean Marc"]
[Black "Ladkin, Peter"]
[Result "1-0"]
[WhiteElo "1022"]
[BlackElo "854"]
[PlyCount "69"]
[EventDate "2003.??.??"]
[EventType "tourn (corr)"]
[EventRounds "4"]
[SourceTitle "Corr 2008"]
[Source "ChessBase"]
[SourceDate "2008.06.24"]
[SourceVersion "1"]
[SourceVersionDate "2008.06.24"]
[SourceQuality "1"]

1. e4 d5 2. exd5 Qxd5 3. Nc3 Qd8 4. d4 Nc6 5. Bb5 Nf6 6. d5 a6 7. Ba4 Bd7 8. dxc6 bxc6 9. Nf3 c5 10. Bxd7+ Qxd7 11. Qxd7+ Nxd7 12. Bf4 c6 13. 0-0 f6 14. Rad1 0-0-0 15. Rfe1 g5 16. Be3 e5 17. Nd2 c4 18. Nxc4 Bb4 19. Bd2 Nc5 20. Ne4 Na4 21. Bxb4 Rd4 22. b3 f5 23. Nxg5 Nb2 24. Rxd4 exd4 25. Nxb2 h6 26. Ne6 c5 27. Nxc5 f4 28. Nbd3 f3 29. g3 h5 30. h4 Kb8 31. Nxa6+ Kb7 32. Re6 Rc8 33. Ndc5+ Ka8 34. Rd6 Re8 35. Nc7+ 1-0

[Event "IECC CL8-2003.15 email"]
[Site "IECC email"]
[Date "2003.07.04"]
[Round "?"]
[White "Ladkin, Peter"]
[Black "Lapham, Frank J"]
[Result "1-0"]
[WhiteElo "812"]
[BlackElo "906"]
[PlyCount "23"]
[EventDate "2003.??.??"]
[EventType "tourn (corr)"]
[EventRounds "4"]
[SourceTitle "Corr 2008"]
[Source "ChessBase"]
[SourceDate "2008.06.24"]
[SourceVersion "1"]
[SourceVersionDate "2008.06.24"]
[SourceQuality "1"]

1. e4 e5 2. d4 d6 3. d5 Nf6 4. Bb5+ Nfd7 5. Nf3 Be7 6. Nc3 0-0 7. Be3 Nf6 8. Ng5 h6 9. h4 hxg5 10. hxg5 Nh7 11. Qh5 f6 12. g6 1-0

[Event "IECC O email"]
[Site "IECC email"]
[Date "2003.05.21"]
[Round "?"]
[White "Ladkin, Peter"]
[Black "Lafargue, Philippe"]
[Result "0-1"]
[WhiteElo "871"]
[BlackElo "858"]
[PlyCount "80"]
[EventDate "2003.??.??"]
[EventType "tourn (corr)"]
[EventRounds "6"]
[SourceTitle "Corr 2008"]
[Source "ChessBase"]
[SourceDate "2008.06.24"]
[SourceVersion "1"]
[SourceVersionDate "2008.06.24"]
[SourceQuality "1"]

1. e4 e5 2. Nf3 d5 3. exd5 Qxd5 4. Nc3 Qd8 5. Nxe5 Nf6 6. Bc4 Be6 7. Qe2 Bc5 8. Nxf7 Qe7 9. Nxh8 Bxc4 10. d3 Ba6 11. Bg5 Nbd7 12. Nd5 Qxe2+ 13. Kxe2 Nxd5 14. h4 Be7 15. Be3 Ne5 16. c4 0-0-0 17. cxd5 Rxh8 18. Rad1 b6 19. f4 Nxd3 20. Rd2 Nxf4+ 21. Kf3 Nd3 22. b3 Rf8+ 23. Ke2 Nf2+ 24. Ke1 Nxh1 25. h5 Bh4+ 26. Kd1 Rf1+ 27. Kc2 Bf6 28. g4 Ng3 29. g5 Be5 30. Bd4 Bf4 31. g6 hxg6 32. hxg6 Nf5 33. Bc3 Bxd2 34. Kxd2 Rf2+ 35. Ke1 Re2+ 36. Kd1 Ne3+ 37. Kc1 Rc2+ 38. Kb1 Bd3 39. Bxg7 Rg2+ 40. Kc1 Nxd5 0-1

[Event "IECC P email"]
[Site "IECC email"]
[Date "2003.05.13"]
[Round "?"]
[White "Booth, Grahame"]
[Black "Ladkin, Peter"]
[Result "0-1"]
[WhiteElo "983"]
[BlackElo "750"]
[PlyCount "48"]
[EventDate "2003.??.??"]
[EventType "tourn (corr)"]
[EventRounds "6"]
[SourceTitle "Corr 2008"]
[Source "ChessBase"]
[SourceDate "2008.06.24"]
[SourceVersion "1"]
[SourceVersionDate "2008.06.24"]
[SourceQuality "1"]

1. e4 Nc6 2. Nc3 Nf6 3. Qf3 Nd4 4. Qd3 e5 5. Nd5 Nxd5 6. exd5 d6 7. Nf3 Bf5 8. Qe3 Nxc2+ 9. Ke2 Nxe3 10. dxe3 e4 11. Nd4 Qd7 12. Bd2 c5 13. Nxf5 Qxf5 14. Rc1 Qxd5 15. b4 Qxa2 16. g3 cxb4 17. Bh3 b3 18. Rc7 b2 19. Rxb7 Qa6+ 20. Ke1 Qxb7 21. Ke2 Qb5+ 22. Kd1 b1Q+ 23. Bc1 Q5d3+ 24. Ke1 Qxc1# 0-1

[Event "IECC CL8-2003.11 email"]
[Site "IECC email"]
[Date "2003.05.12"]
[Round "?"]
[White "Butcher, Robert Evan Sr"]
[Black "Ladkin, Peter"]
[Result "0-1"]
[WhiteElo "804"]
[BlackElo "790"]
[PlyCount "56"]
[EventDate "2003.??.??"]
[EventType "tourn (corr)"]
[EventRounds "4"]
[SourceTitle "Corr 2008"]
[Source "ChessBase"]
[SourceDate "2008.06.24"]
[SourceVersion "1"]
[SourceVersionDate "2008.06.24"]
[SourceQuality "1"]

1. e4 Nf6 2. e5 Nd5 3. d4 e6 4. Nc3 Nb4 5. Bc4 d5 6. Nf3 dxc4 7. Ng5 Qxd4 8. Bd2 Qxe5+ 9. Nge4 N8c6 10. 0-0 Bd6 11. f4 Qf5 12. a3 Nd5 13. g4 Qg6 14. f5 exf5 15. Nxd6+ Qxd6 16. Qe2+ Nce7 17. Nb5 Qc5+ 18. Kh1 Qxb5 19. Bc3 b6 20. gxf5 Bb7 21. Kg1 Qc5+ 22. Rf2 Nxc3 23. bxc3 Qc6 24. Rg2 Qxg2+ 25. Qxg2 Bxg2 26. Kxg2 0-0-0 27. Re1 Nxf5 28. Rf1 Ne3+ 0-1

[Event "IECC CL8-2003.11 email"]
[Site "IECC email"]
[Date "2003.05.12"]
[Round "?"]
[White "Ladkin, Peter"]
[Black "Smeulders, Thomas"]
[Result "1-0"]
[WhiteElo "770"]
[BlackElo "872"]
[PlyCount "59"]
[EventDate "2003.??.??"]
[EventType "tourn (corr)"]
[EventRounds "4"]
[SourceTitle "Corr 2008"]
[Source "ChessBase"]
[SourceDate "2008.06.24"]
[SourceVersion "1"]
[SourceVersionDate "2008.06.24"]
[SourceQuality "1"]

1. e4 e5 2. Nf3 d6 3. Ng5 Qxg5 4. d3 Qd8 5. Nc3 Be7 6. Nd5 Nf6 7. Nb4 d5 8. Nxd5 Nxd5 9. exd5 Qxd5 10. Qh5 g6 11. Qh6 Bf8 12. Qh4 Nc6 13. Qf6 Rg8 14. Qh4 h5 15. c3 Be7 16. Bg5 Bf5 17. Bxe7 Nxe7 18. d4 Rd8 19. Be2 Qxg2 20. Rg1 Qxg1+ 21. Bf1 Bd3 22. 0-0-0 Bxf1 23. Re1 Nf5 24. Qf4 f6 25. dxe5 Rf8 26. e6 g5 27. Qxf5 Ke7 28. Qc5+ Rd6 29. Qxc7+ Rd7 30. Qxd7# 1-0

[Event "IECC KO email"]
[Site "IECC email"]
[Date "2003.04.24"]
[Round "?"]
[White "Ladkin, Peter"]
[Black "Blackmore, Graham"]
[Result "0-1"]
[WhiteElo "760"]
[BlackElo "1041"]
[PlyCount "42"]
[EventDate "2003.??.??"]
[EventType "tourn (corr)"]
[EventRounds "6"]
[SourceTitle "Corr 2008"]
[Source "ChessBase"]
[SourceDate "2008.06.24"]
[SourceVersion "1"]
[SourceVersionDate "2008.06.24"]
[SourceQuality "1"]

1. e4 c5 2. Bc4 e6 3. Na3 a6 4. Nf3 Nc6 5. c3 d5 6. exd5 exd5 7. Bb3 Nf6 8. 0-0 Bd6 9. Ng5 0-0 10. Bxd5 Nxd5 11. Qh5 Nf6 12. d4 Nxh5 13. dxc5 Bf4 14. h4 Qc7 15. Nc4 Bh2+ 16. Kh1 Ne7 17. Nb6 Nf5 18. Nxa8 Nfg3+ 19. fxg3 Qxg3 20. Ne4 Qxh4 21. Nd6 Ng3# 0-1

[Event "IECC P email"]
[Site "IECC email"]
[Date "2003.03.19"]
[Round "?"]
[White "Ladkin, Peter"]
[Black "Lapham, Frank J"]
[Result "1-0"]
[WhiteElo "817"]
[BlackElo "907"]
[PlyCount "43"]
[EventDate "2003.??.??"]
[EventType "tourn (corr)"]
[EventRounds "6"]
[SourceTitle "Corr 2008"]
[Source "ChessBase"]
[SourceDate "2008.06.24"]
[SourceVersion "1"]
[SourceVersionDate "2008.06.24"]
[SourceQuality "1"]

1. d4 Nf6 2. e3 d5 3. Nc3 Bg4 4. f3 Bd7 5. f4 Bg4 6. Be2 Bd7 7. Nh3 e6 8. 0-0 Bd6 9. Ng5 0-0 10. Qd3 g6 11. e4 Bc6 12. Qh3 h5 13. f5 exf5 14. exf5 gxf5 15. Bxh5 Re8 16. Bxf7+ Kf8 17. Bd2 Bd7 18. Rae1 Ne4 19. Qh4 Qxg5 20. Bxg5 Nxg5 21. Bxe8 Bxe8 22. Rxf5+ 1-0